000 01083nam a2200253Ia 4500
001 17714
003 GE_BSU
008 181216s||||||||xx |||||||||||||| ||und||
020 _a978-99928-53-62-7
040 _cGE_BSU
080 _a573.6+57.082(075.8)
100 _aქობალია, ვახტანგ
245 _aმცენარეთა ბიოტექნოლოგია
245 _bსახელმძღვ. სას.-სამ. და სატყეო საქმის სპეც. სტუდენტებისათვის
245 _cრედ. ა. მიქელაძე
260 _aქუთაისი
260 _bმოწამეთა
260 _c2008
300 _a532 გვ. : ცხრ., ილ. ; 20 სმ..
300 _eბიბლიოგრ.: გვ. 523-524
653 _aმცენარეთა ბიოტექნოლოგია
653 _aუჯრედული ბიოტექნოლოგია; გენეტიკური ინჟინერია;
942 _cBK
999 _c50762
_d50762